000
00279nam a2200109Ia 4500
001
1266657
005
20260417145118.0
008
260417s9999 xx 000 0 und d
020
_a
9789752110212
245
0
_a
Kaptan Düşükdon 4. Kitap
_c
Dav Pilkey
260
_b
Altın Kitaplar
999
_c
1266657
_d
1266657